| 000 | 00361 a2200157 4500 | ||
|---|---|---|---|
| 001 | 151736 | ||
| 020 | _a8500005823 | ||
| 040 | _cEscola São Tomás de Aquino | ||
| 100 | _aSHAKESPEARE, William | ||
| 240 | 1 | 0 |
_aContos de Shakespeare _lpor |
| 245 | 1 | 0 | _aContos de Shakespeare |
| 300 | _a72 | ||
| 362 | 0 | _a2005 | |
| 697 | _a*LITERATURA JUVENIL | ||
| 942 | _cBK | ||
| 999 |
_c151736 _d151736 |
||